The Twelve Labours of Hercules - Statistics

General Stats
  • This quiz has been taken 1,519 times
  • The average score is 5 of 12
Answer Stats
Hint Answer % Correct
Slay the Nemean ____ Lion
91%
Slay the nine-headed ____ _____ Lernaean Hydra
89%
Steal the ______ of the Hesperides apples
55%
Capture the Erymanthian ____ Boar
55%
Capture the Cretan ____ Bull
54%
Slay the Stymphalian _____ Birds
44%
Capture and bring back _______ Cerberus
44%
Obtain the _____ of the monster Geryon cattle
24%
Obtain the _____ __ ________, Queen of the Amazons. girdle of Hippolyta
24%
Capture the ______ ____ of Artemis Golden Hind
23%
Clean the _____ _____ in a single day. Augean stables
21%
Steal the _____ of Diomedes. Mares
19%
No matching quizzes found
Score Distribution
Percent of People with Each Score
Percentile by Number Answered
Your Score History
You have not taken this quiz